000 00624nam a2200133Ia 4500
008 171212s9999 xx 000 0 und d
020 _a9780833029973
100 _aLara, Marielena;Nicholas, Will;Morton, Sally C.;Vaiana, Mary E.;Genovese, Barbara
245 _cLara, Marielena;Nicholas, Will;Morton, Sally C.;Vaiana, Mary E.;Genovese, Barbara
_aImproving Childhood Asthma Outcomes in the United States
_bA Blueprint for Policy Action
260 _bRAND Corporation
_c2001
650 _aAsthma in children -- Government policy -- United States
650 _aHealth Sciences
856 _uwww.jstor.org/stable/10.7249/mr1330rwj
999 _c352188
_d352188